| 000 | 00411nam a22001817a 4500 | ||
|---|---|---|---|
| 003 | NUST | ||
| 020 | _a978-81-317-1888-9 | ||
| 038 | _akhadija | ||
| 082 |
_a621.4021 _bJOE |
||
| 100 |
_aJoel, Rayner. _983516 |
||
| 245 | _aBasic Engineering Themodynamics | ||
| 250 | _a5th ed. | ||
| 260 |
_aNew Delhi : _bPearson, _c2013. |
||
| 300 | _a647 p. ; | ||
| 500 | _aPaperback. | ||
| 563 | _aPB | ||
| 942 |
_cBK _2ddc |
||
| 999 |
_c33439 _d33439 |
||